000 00665nam a22001695i 4500
001 52977
003 ES-MaACL
005 20230906162659.0
007 t|
008 950906s1878 fr ||||1| fre d
040 _aCAM
_bspa
_cCAM
100 1 _aDonnat, Léon.
_945322
245 1 2 _aL'état de Californie
_b: recueil de faits observés en 1877-1878.
_n, . Première partie,
_pL'éducation publique, la presse, le mouvement intellectuel, suivie de renseignements sur l'état de l'instruction primaire aux Etats-Unis et en Europe /
_cpar Léon Donnat.
260 _aParis :
_bCh. Delagrave,
_c1878.
300 _aXIII, 325 p. ;
_c18 cm.
852 _aES-MaACL
_jG-8230
999 _c52977
_d52977